000 00708cam a2200277 4500
008 #DATE n2001 000 0 eng u
020 _a1860815073
035 _a(Sirsi) u119694
041 _aeng
050 _a690.18
100 _aGarvin, S
245 _aInstalling domestic automatic door controls
260 _aLondon
_bCRC
_c2001
300 _a12p.
_bill.
_c30cm.
350 _a0
490 _aGood Building Guide
_v48
650 _aAUTOMATIC CONTROLS
650 _aBRE
650 _aBUILDING RESEARCH ESTABLISHMENT
650 _aDISABLED PEOPLE
650 _aDOORS
650 _aELDERLY PEOPLE
650 _aWINDOWS
690 _aBUILT ENVIRONMENT-CONSTRUCTION DESIGN
942 _n0
999 _c102355
_d102355